Tourism management / (Record no. 923)
[ view plain ]
| 000 -LEADER | |
|---|---|
| fixed length control field | 01343cam a22003737a 4500 |
| 001 - CONTROL NUMBER | |
| control field | 14812932 |
| 003 - CONTROL NUMBER IDENTIFIER | |
| control field | GZU |
| 005 - DATE AND TIME OF LATEST TRANSACTION | |
| control field | 20200916114743.0 |
| 008 - FIXED-LENGTH DATA ELEMENTS--GENERAL INFORMATION | |
| fixed length control field | 070418s2006 qeaa f b 001 0 eng |
| 010 ## - LIBRARY OF CONGRESS CONTROL NUMBER | |
| LC control number | 2007405365 |
| 020 ## - INTERNATIONAL STANDARD BOOK NUMBER | |
| International Standard Book Number | 9781118644812 |
| 035 ## - SYSTEM CONTROL NUMBER | |
| System control number | (CStRLIN)AULG3573621-B |
| 040 ## - CATALOGING SOURCE | |
| Original cataloging agency | ANL |
| Language of cataloging | eng |
| Transcribing agency | DLC |
| Modifying agency | ANL |
| -- | DLC |
| 042 ## - AUTHENTICATION CODE | |
| Authentication code | anuc |
| -- | lccopycat |
| 043 ## - GEOGRAPHIC AREA CODE | |
| Geographic area code | u-at--- |
| 050 00 - LIBRARY OF CONGRESS CALL NUMBER | |
| Classification number | G155 |
| Item number | WEA 2014 |
| 100 1# - MAIN ENTRY--PERSONAL NAME | |
| Personal name | Weaver, David B. |
| Fuller form of name | (David Bruce) |
| 245 10 - TITLE STATEMENT | |
| Title | Tourism management / |
| Statement of responsibility, etc. | David Weaver, Laura Lawton. |
| 250 ## - EDITION STATEMENT | |
| Edition statement | fifth ed. |
| 260 ## - PUBLICATION, DISTRIBUTION, ETC. | |
| Place of publication, distribution, etc. | Milton, Qld. : |
| Name of publisher, distributor, etc. | John Wiley & Sons, |
| Date of publication, distribution, etc. | 2014 |
| 300 ## - PHYSICAL DESCRIPTION | |
| Extent | 430p. |
| Other physical details | ill. ; |
| 500 ## - GENERAL NOTE | |
| General note | Previous ed.: 2002. |
| 504 ## - BIBLIOGRAPHY, ETC. NOTE | |
| Bibliography, etc. note | Includes bibliographical references (p. 425-459) and index. |
| 521 ## - TARGET AUDIENCE NOTE | |
| Target audience note | For tertiary students. |
| 650 #0 - SUBJECT ADDED ENTRY--TOPICAL TERM | |
| Topical term or geographic name entry element | Tourism |
| Geographic subdivision | Australia |
| General subdivision | Marketing. |
| 650 #0 - SUBJECT ADDED ENTRY--TOPICAL TERM | |
| Topical term or geographic name entry element | Tourism |
| Geographic subdivision | Australia |
| General subdivision | Management. |
| 650 #0 - SUBJECT ADDED ENTRY--TOPICAL TERM | |
| Topical term or geographic name entry element | Ecotourism |
| Geographic subdivision | Australia. |
| 700 1# - ADDED ENTRY--PERSONAL NAME | |
| Personal name | Lawton, Laura. |
| 856 42 - ELECTRONIC LOCATION AND ACCESS | |
| Materials specified | Publisher description |
| Uniform Resource Identifier | <a href="http://www.loc.gov/catdir/enhancements/fy0826/2007405365-d.html">http://www.loc.gov/catdir/enhancements/fy0826/2007405365-d.html</a> |
| 856 41 - ELECTRONIC LOCATION AND ACCESS | |
| Materials specified | Table of contents only |
| Uniform Resource Identifier | <a href="http://www.loc.gov/catdir/enhancements/fy0826/2007405365-t.html">http://www.loc.gov/catdir/enhancements/fy0826/2007405365-t.html</a> |
| 906 ## - LOCAL DATA ELEMENT F, LDF (RLIN) | |
| a | 7 |
| b | cbc |
| c | copycat |
| d | 3 |
| e | ncip |
| f | 20 |
| g | y-gencatlg |
| 942 ## - ADDED ENTRY ELEMENTS (KOHA) | |
| Source of classification or shelving scheme | Library of Congress Classification |
| Koha item type | Books |
| Classification part | 155 |
| Item part | WEA |
| Call number prefix | G |
| Withdrawn status | Lost status | Source of classification or shelving scheme | Damaged status | Not for loan | Collection code | Home library | Current library | Shelving location | Date acquired | Total Checkouts | Full call number | Barcode | Date last seen | Copy number | Price effective from | Koha item type | Inventory number |
|---|---|---|---|---|---|---|---|---|---|---|---|---|---|---|---|---|---|
| Non-fiction | City Campus Library | City Campus Library | General Stacks | 09/16/2020 | G 155 WEA 2014 | 025180 | 09/16/2020 | c.3 | 09/16/2020 | Books | |||||||
| Non-fiction | Mashava Campus Library | Mashava Campus Library | 05/03/2015 | G155 WEA 2014 | 003932 | 05/03/2021 | c.4 | 05/03/2021 | Books | 21504 | |||||||
| Library of Congress Classification | Non-fiction | Tourism and Hospitality Resource Centre | Tourism and Hospitality Resource Centre | General Stacks | 09/16/2020 | G 155 WEA 2014 | 025204 | 09/16/2020 | c.1 | 09/16/2020 | Books | ||||||
| Library of Congress Classification | Non-fiction | Tourism and Hospitality Resource Centre | Tourism and Hospitality Resource Centre | General Stacks | 09/16/2020 | g 155 WEA2014 | 003931 | 09/16/2020 | c.2 | 09/16/2020 | Books |